000 01284nam a2200313 i 4500
003 EG-GICUC
005 20260121101355.0
008 251127s1925 ua d|||fr|||| 00| 0 ara d
040 _a EG-GICUC
_bara
_c EG-GICUC
_d EG-GICUC
_erda
041 0 _aara
082 0 4 _221
_a345.2451
_bع ل . د
092 0 4 _221
099 _aLaw1 07 345.2451 ع ل . د 2 ed - 1925
100 0 _aعلي حلمي
_eمؤلف.
245 1 2 _aالدليل لعمد ومشايخ البلاد :
_bوللعاملين في الأمن العام والضبطية القضائية طبقاً لمنهج الدراسة بمدرسة البوليس والادارة /
_cعلي حلمي.
250 _aالطبعة الثانية
264 1 _aالقاهرة :
_bالمطبعة الرحمانية،
_c1925.
300 _a368 صفحة :
_bإيضاحيات؛
_c24 سم.
336 _2rda content
_atext
337 _2rda media
_aComputer
338 _2rda carrier
_aOnline Resource
504 _aيشتمل على إرجاعات ببليوجرافية.
546 _aالنص باللغة العربية
650 1 4 _aالعمد والمشايخ
650 1 4 _aالقانون الإداري
856 4 0 _uhttps://fll.law.cu.edu.eg/fulltext/bks/B07-01005.pdf
905 _a32
_eYara
942 _2ddc
_cBK
_e21
_n0
999 _c46673
_d46673